[Event "POL-chT 2nd League"]
[Site "Sypniewo"]
[Date "2021.09.10"]
[Round "7.15"]
[White "Samborski, Henryk"]
[Black "Wawrzyniak, Pawel"]
[Result "1-0"]
[WhiteElo "2052"]
[BlackElo "1764"]
[PlyCount "73"]
[EventDate "2021.09.04"]
[EventType "team-swiss"]
[EventRounds "9"]
[EventCountry "POL"]
[SourceTitle "CBM 204 Extra"]
[Source "ChessBase"]
[SourceDate "2021.11.30"]
[SourceVersion "1"]
[SourceVersionDate "2021.11.30"]
[SourceQuality "1"]
[WhiteTeam "Rydultowy Ognisko"]
[BlackTeam "Wolsztyn UKS Szach"]
[WhiteTeamCountry "POL"]
[BlackTeamCountry "POL"]

1. e4 e6 2. d3 d5 3. Nd2 Nf6 4. g3 Be7 5. Bg2 0-0 6. Ngf3 c5 7. 0-0 Nc6 8. e5 Nd7 9. Re1 b5 10. Nf1 Bb7 11. h4 Qc7 12. Bf4 Rfc8 13. N1h2 a5 14. Ng4 Qd8 15. h5 h6 16. Rc1 b4 17. c4 Nb6 18. Rc2 Nd4 19. Nxd4 cxd4 20. Qd2 a4 21. b3 Ra7 22. Rec1 axb3 23. axb3 dxc4 24. Bxb7 c3 25. Qe2 Rxb7 26. Bxh6 Ra7 27. Bxg7 Kxg7 28. h6+ Kh8 29. Qe4 Qg8 30. Qxd4 Bc5 31. Qe4 Qg6 32. Qf3 Rd8 33. Nf6 Rxd3 34. Qc6 Rxg3+ 35. Kf1 Qd3+ 36. Re2 Qf3 37. Qe8+ 1-0

[Event "Poznan op 28th"]
[Site "Poznan"]
[Date "2021.08.15"]
[Round "2"]
[White "Wawrzyniak, Pawel"]
[Black "Pilny, Piotr"]
[Result "1-0"]
[WhiteElo "1807"]
[BlackElo "1484"]
[PlyCount "57"]
[EventDate "2021.08.15"]
[EventType "swiss"]
[EventRounds "9"]
[EventCountry "POL"]
[SourceTitle "CBM 203 Extra"]
[Source "ChessBase"]
[SourceDate "2021.09.30"]
[SourceVersion "1"]
[SourceVersionDate "2021.09.30"]
[SourceQuality "1"]

1. d4 d5 2. Nf3 Nf6 3. c4 c6 4. e3 a6 5. Be2 b5 6. cxd5 cxd5 7. 0-0 e6 8. Bd2 Bd6 9. Ne5 0-0 10. f4 Ne4 11. Be1 Qb6 12. Qb3 Nd7 13. Nd2 Ndf6 14. Bd3 Nxd2 15. Bxd2 Ne4 16. Bxe4 Bxe5 17. Bxh7+ Kxh7 18. fxe5 a5 19. Rf3 Ba6 20. Be1 Rac8 21. Bh4 Qa7 22. Qd3+ Kg8 23. Rg3 b4 24. Qd1 Qc7 25. Rxg7+ Kxg7 26. Bf6+ Kh6 27. Qg4 Rg8 28. Qh4+ Kg6 29. Qg5+ 1-0

[Event "Polanica Zdroj op-D 56th"]
[Site "Polanica Zdroj"]
[Date "2020.08.16"]
[Round "2"]
[White "Sidlo, Szymon"]
[Black "Wawrzyniak, Pawel"]
[Result "1-0"]
[WhiteElo "1396"]
[BlackElo "1824"]
[PlyCount "86"]
[EventDate "2020.08.15"]
[EventType "swiss"]
[EventRounds "9"]
[EventCountry "POL"]
[SourceTitle "CBM 198 Extra"]
[Source "ChessBase"]
[SourceDate "2020.11.30"]
[SourceVersion "1"]
[SourceVersionDate "2020.11.30"]
[SourceQuality "1"]

1. e4 e5 2. Nf3 Nc6 3. Nc3 Nf6 4. Bb5 Bb4 5. 0-0 d6 6. d3 h6 7. Nd5 Bc5 8. Be3 Bxe3 9. fxe3 0-0 10. Bxc6 bxc6 11. Nxf6+ Qxf6 12. Qd2 Bd7 13. Qc3 Qe7 14. Rf2 Rab8 15. a4 c5 16. b3 Bc6 17. Re1 g6 18. g4 f5 19. exf5 gxf5 20. gxf5 Rxf5 21. e4 Rf4 22. Rg2+ Kh8 23. Rf1 Qf6 24. Nd2 Rf8 25. Rxf4 Qxf4 26. Qa1 Qe3+ 27. Kh1 Bd7 28. Qg1 Qf4 29. Rg3 Qxd2 30. Rg7 Bh3 31. Rg6 h5 32. Rg5 Qxg5 33. Qxg5 Rf1+ 34. Qg1 Rxg1+ 35. Kxg1 Bg4 36. Kf2 Bd1 37. c3 Bxb3 38. a5 Kg7 39. Ke3 Kf6 40. d4 Bc4 41. dxc5 dxc5 42. h4 Ke6 43. Kd2 Kd6 1-0

[Event "Poznan op 26th"]
[Site "Poznan"]
[Date "2018.08.25"]
[Round "8"]
[White "Hoffmann, Kacper"]
[Black "Wawrzyniak, Pawel"]
[Result "0-1"]
[WhiteElo "1569"]
[BlackElo "1814"]
[PlyCount "110"]
[EventDate "2018.08.19"]
[EventType "swiss"]
[EventRounds "9"]
[EventCountry "POR"]
[SourceTitle "CBM 186 Extra"]
[Source "ChessBase"]
[SourceDate "2018.08.24"]
[SourceVersion "1"]
[SourceVersionDate "2018.08.24"]
[SourceQuality "1"]

1. Nc3 Nf6 2. e4 e5 3. Nf3 Nc6 4. Bb5 Be7 5. d3 d6 6. Be3 Bd7 7. Bc4 Na5 8. Bb3 Nxb3 9. axb3 a6 10. d4 exd4 11. Bxd4 0-0 12. 0-0 Re8 13. Re1 Bg4 14. Qd3 Bh5 15. e5 Bg6 16. Qd2 dxe5 17. Nxe5 Bxc2 18. Qxc2 Qxd4 19. Rad1 Qc5 20. Nc4 b5 21. Re5 Qc6 22. Rde1 Kf8 23. Ne3 b4 24. Ncd5 Qxc2 25. Nxc2 Nxd5 26. Rxd5 Bd6 27. Kf1 a5 28. Rh5 h6 29. Ne3 Bf4 30. Nc4 Rxe1+ 31. Kxe1 Bg5 32. Rh3 Ke7 33. Rd3 a4 34. bxa4 Rxa4 35. b3 Ra2 36. Ne5 c5 37. Nd7 Rc2 38. Nb6 Bf6 39. Nc4 Bd4 40. Ne3 Bxe3 41. Rxe3+ Kd6 42. g3 Kd5 43. Rf3 f6 44. Kd1 Rc3 45. Rf5+ Kd6 46. Kd2 Rxb3 47. Kc2 Ra3 48. Rf4 Kd5 49. Rf5+ Kc6 50. Kb2 Ra7 51. Kb3 Kb5 52. Rd5 Ra3+ 53. Kb2 Rf3 54. Rd8 Rxf2+ 55. Kb3 c4# 0-1

[Event "Poznan op 26th"]
[Site "Poznan"]
[Date "2018.08.22"]
[Round "5"]
[White "Wawrzyniak, Pawel"]
[Black "Czarnolewski, Piotr"]
[Result "1/2-1/2"]
[WhiteElo "1814"]
[BlackElo "1634"]
[PlyCount "137"]
[EventDate "2018.08.19"]
[EventType "swiss"]
[EventRounds "9"]
[EventCountry "POR"]
[SourceTitle "CBM 186 Extra"]
[Source "ChessBase"]
[SourceDate "2018.08.24"]
[SourceVersion "1"]
[SourceVersionDate "2018.08.24"]
[SourceQuality "1"]

1. d4 Nf6 2. c4 c5 3. d5 b5 4. cxb5 a6 5. bxa6 g6 6. Nc3 Bxa6 7. g3 d6 8. Bg2 Bg7 9. Nf3 Nbd7 10. Rb1 0-0 11. 0-0 Qc7 12. b3 Ng4 13. Qc2 Nde5 14. Bd2 Nxf3+ 15. Bxf3 Rfb8 16. Bg2 Ra7 17. Rfc1 Nf6 18. Bf3 Nd7 19. Bg2 Nf6 20. Bf1 Rab7 21. e4 Bxf1 22. Kxf1 Qd7 23. Kg2 e6 24. dxe6 fxe6 25. Bf4 Qc6 26. Rd1 Rd8 27. f3 d5 28. exd5 exd5 29. a4 Nh5 30. Bg5 Rdd7 31. Nb5 Be5 32. Be3 Bd6 33. Nxd6 Qxd6 34. Qxc5 Qa6 35. Qc8+ Kf7 36. Rd2 Qe6 37. Re1 Rbc7 38. Qh8 Nf6 39. Bf2 Qc6 40. Bd4 Rd6 41. Rde2 Rdd7 42. g4 Rc8 43. Qxf6+ Qxf6 44. Bxf6 Kxf6 45. Rb2 Ra7 46. Kf2 Rb8 47. Reb1 d4 48. Ke2 Ke5 49. Kd3 Kd5 50. h4 Re8 51. Re2 Rc8 52. f4 Rc3+ 53. Kd2 Rf3 54. Re5+ Kd6 55. Rbe1 Rxb3 56. a5 Rh3 57. h5 gxh5 58. gxh5 Rc7 59. R1e4 Rc4 60. Re6+ Kc5 61. R4e5+ Kb4 62. Rb6+ Ka4 63. Rd5 d3 64. Rxd3 Rh2+ 65. Ke3 Kxa5 66. Rb7 Rh3+ 67. Kd2 Rh2+ 68. Kd1 Rh1+ 69. Kd2 1/2-1/2

[Event "Poznan op 25th"]
[Site "Poznan"]
[Date "2017.08.21"]
[Round "3"]
[White "Rozumek, Krzysztof"]
[Black "Wawrzyniak, Pawel"]
[Result "1/2-1/2"]
[WhiteElo "1952"]
[BlackElo "1749"]
[PlyCount "66"]
[EventDate "2017.08.20"]
[EventType "swiss"]
[EventRounds "9"]
[EventCountry "POL"]
[SourceTitle "CBM 180 Extra"]
[Source "ChessBase"]
[SourceDate "2017.10.06"]
[SourceVersion "1"]
[SourceVersionDate "2017.10.06"]
[SourceQuality "1"]

1. d4 d5 2. Bf4 Nf6 3. c3 c5 4. e3 Nc6 5. Nf3 Qb6 6. Qb3 c4 7. Qxb6 axb6 8. Nbd2 b5 9. Ne5 b4 10. Nxc6 bxc6 11. f3 Bf5 12. Kd1 e6 13. cxb4 Bxb4 14. a4 0-0 15. h4 h5 16. Be2 Ra7 17. Kc1 Rfa8 18. Bd1 Nd7 19. Nb1 Nb6 20. Nc3 Bxc3 21. bxc3 Nxa4 22. Rxa4 Rxa4 23. Bxa4 Rxa4 24. Kb2 Ra7 25. Bd6 Rb7+ 26. Bb4 Ra7 27. Rg1 Bd3 28. Rd1 Ra6 29. Rd2 f5 30. g3 Kf7 31. Rg2 Ra8 32. Rg1 Be2 33. f4 Bd3 1/2-1/2

[Event "Poznan op 24th"]
[Site "Poznan"]
[Date "2016.08.14"]
[Round "8"]
[White "Wawrzyniak, Pawel"]
[Black "Simon, Marek"]
[Result "1/2-1/2"]
[WhiteElo "1685"]
[BlackElo "1834"]
[PlyCount "97"]
[EventDate "2016.08.08"]
[EventType "swiss"]
[EventRounds "9"]
[EventCountry "POL"]
[SourceTitle "EXT 2017"]
[Source "ChessBase"]
[SourceDate "2016.10.25"]
[SourceVersion "1"]
[SourceVersionDate "2016.10.25"]
[SourceQuality "1"]

1. e4 c6 2. d4 d5 3. e5 Bf5 4. Nf3 e6 5. Be2 c5 6. Be3 Ne7 7. 0-0 Nec6 8. Nc3 a6 9. Na4 cxd4 10. Nxd4 Nxd4 11. Bxd4 Nd7 12. Bd3 Bxd3 13. Qxd3 b5 14. Nc3 Bc5 15. a4 b4 16. Bxc5 Nxc5 17. Qd4 bxc3 18. Qxc5 Rc8 19. Qa3 cxb2 20. Qxb2 0-0 21. Qb7 a5 22. Rfc1 Rc4 23. g3 h6 24. Qa6 Qc7 25. Ra2 Rb8 26. Kf1 Kh7 27. Re1 Rbb4 28. Rea1 Rc3 29. Kg1 Rbc4 30. Rb1 Qxe5 31. Qxa5 Rxc2 32. Rxc2 Rxc2 33. Qb5 Qd4 34. Rf1 Rc7 35. a5 Ra7 36. h4 Qc3 37. a6 Qa3 38. Qb1+ g6 39. h5 Qxa6 40. hxg6+ fxg6 41. Qb8 Qb7 42. Qe5 Qf7 43. Re1 Ra2 44. Rf1 Rc2 45. Qe3 Rc4 46. Ra1 g5 47. Ra7 Rc7 48. Rxc7 Qxc7 49. Qxe6 1/2-1/2

[Event "Poznan op 24th"]
[Site "Poznan"]
[Date "2016.08.11"]
[Round "4"]
[White "Wawrzyniak, Pawel"]
[Black "Fraczek, Weronika"]
[Result "0-1"]
[WhiteElo "1685"]
[BlackElo "1922"]
[PlyCount "62"]
[EventDate "2016.08.08"]
[EventType "swiss"]
[EventRounds "9"]
[EventCountry "POL"]
[SourceTitle "CBM 173 Extra"]
[Source "ChessBase"]
[SourceDate "2016.08.29"]
[SourceVersion "1"]
[SourceVersionDate "2016.08.29"]
[SourceQuality "1"]

1. d4 d5 2. c4 c6 3. Nc3 Nf6 4. Nf3 a6 5. cxd5 cxd5 6. Bf4 Nc6 7. e3 g6 8. h3 Bg7 9. Bd3 Qb6 10. 0-0 0-0 11. Qe2 Nb4 12. Bb1 Qe6 13. a3 Nc6 14. Na4 Nh5 15. Qd2 Nxf4 16. exf4 Qd6 17. f5 Bxf5 18. Bxf5 gxf5 19. Rad1 Bh6 20. Qd3 e6 21. Rfe1 Bg7 22. Re2 b5 23. Nc3 Kh8 24. b4 Rac8 25. Rc2 Ne7 26. h4 Rc4 27. Qd2 Rfc8 28. Ng5 Kg8 29. Qe2 h6 30. Qh5 hxg5 31. Rd3 Ng6 0-1

[Event "Poznan op 24th"]
[Site "Poznan"]
[Date "2016.08.08"]
[Round "1"]
[White "Schmidt, Wlodzimierz"]
[Black "Wawrzyniak, Pawel"]
[Result "1-0"]
[WhiteElo "2291"]
[BlackElo "1685"]
[PlyCount "63"]
[EventDate "2016.08.08"]
[EventType "swiss"]
[EventRounds "9"]
[EventCountry "POL"]
[SourceTitle "CBM 173 Extra"]
[Source "ChessBase"]
[SourceDate "2016.08.29"]
[SourceVersion "1"]
[SourceVersionDate "2016.08.29"]
[SourceQuality "1"]

1. d4 d5 2. c4 e6 3. Nc3 Nf6 4. cxd5 exd5 5. Bg5 Be7 6. e3 0-0 7. Bd3 Nbd7 8. Nf3 c6 9. h3 Nh5 10. Bxe7 Qxe7 11. Qc2 g6 12. 0-0-0 Ndf6 13. Kb1 Ng7 14. g4 Be6 15. Ne5 Nd7 16. f4 f5 17. Qg2 Nxe5 18. dxe5 Rad8 19. Be2 a5 20. g5 Bf7 21. Bf3 Ne6 22. Ne2 Nc5 23. h4 Kg7 24. h5 Rh8 25. Rh2 a4 26. Nd4 Ne4 27. Qc2 Qb4 28. e6 Be8 29. Bxe4 fxe4 30. f5 gxh5 31. f6+ Kg6 32. Qf2 1-0